00509 2200205 4500001002100000005001500021035002000036245003300056100002400089250000600113300002700119700001600146260002800162082001400190084002000204020002200224008004100246990000800287990000800295INLIS00000000000001120221112095420 a0010-12180000051 aRumah Kecil Di Padang Rumput0 aLaura Ingals Wilder a1 a331 :billust ;c18 cm0 aDjokolelono aJakarta :bLibri,c2011 a899.221'3 a899.221'3 LAU r a978 979 687 870 3221112 0  a005 a005